| 000 | 01099cam a2200349Ia 4500 | ||
|---|---|---|---|
| 001 | 45212 | ||
| 005 | 20230411085957.0 | ||
| 008 | 850520s1974 sp b 000 0 spa d | ||
| 035 | _a(OCoLC)ocm12055146 | ||
| 040 |
_aIQU _cIQU _dOCL |
||
| 020 | _a8434407485 | ||
| 020 | _a9788434407480 | ||
| 035 | _a(OCoLC)12055146 | ||
| 041 | 1 |
_aspa _hfre |
|
| 090 |
_aHM271 _b.M537d 1974 |
||
| 049 | _aGRAL | ||
| 100 | 1 |
_aMendel, Gérard, _d1930- |
|
| 240 | 1 | 0 |
_aPour décoloniser l'enfant : sociopsychanalyse de l'autorité, _lSpanish |
| 245 | 1 | 3 |
_aLa descolonización del niño / _cGérard Mendel ; traducción castellana de Julia Sicart. |
| 260 |
_aBarcelona : _bEditorial Ariel, _c1974. |
||
| 300 |
_a276 p. ; _c18 cm. |
||
| 490 | 0 |
_aAriel quincenal ; _v76 |
|
| 500 | _aTranslation of: Pour dâecoloniser l'enfant : sociopsychanalyse de l'autoritâe. | ||
| 504 | _aBibliography: p. 269-273. | ||
| 650 | 0 | _aAuthority. | |
| 650 | 0 | _aChild psychology. | |
| 650 | 0 | _aConflict of generations. | |
| 700 | 1 | _aSicart, Julia. | |
| 942 |
_2lcc _cbk |
||
| 994 |
_aC0 _bDRFGD |
||
| 946 | _acsexposito | ||
| 999 |
_c110354 _d110354 |
||